000 00489nam a22001457a 4500
005 20250730095317.0
008 250730b |||||||| |||| 00| 0 eng d
050 _aTHE HD 38.5 .N93 2016
_bC. 1
100 _aNYAGAKA, EUVONNE NYABOKE
245 _aINFLUENCE OF TECHNOLOGY ON MODERN PROCUREMENT IN THE ORGANIZATIONAL PERFORMANCE
_bA CASE STUDY OF GUSII WATER AND SEWARAGE COMPANY
260 _aKISII
_bKSU
_c2016
300 _aX, 37P., ILL:
500 _aINCLUDES INDEX
942 _2lcc
_cREF
999 _c215976
_d215976